00727nam a22001697a 4500008004100000040005500041080002000096245015600116260003800272300001900310650001800329653001400347700002300361942001200384999001700396952014400413230601b |||||||| |||| 00| 0 eng d aNational Science LibrarycNational Science Library a620.91(042)bL9 aSolar energy conversion:c/ Selected lectures from the 5th course on solar energy conversion, Ontario, Canada 6-19 August 1979bAn introductory course  aToronto: bPergamon Press, c1981 axxvii, 1312p.  aSolar energy  aResearch  aJanzen, A F (Ed.)  2udccBK c38227d38227 00102udc40662091042_L970957620aNSLbNSLcGF/Rk-12/C-14/R-1d1980-03-31l0o620.91(042) L9p90276r2023-06-01 00:00:00w1980-03-31yBK